Statistics for Expendables Cast Quiz

Click here to take the quiz!

General Stats

  • This quiz has been taken 5,101 times
    (3,288 since last reset)
  • The average score is 11 of 23

Answer Stats

Star % Correct
Sylvester Stallone
98%
Arnold Schwarzenegger
94%
Jason Statham
80%
Bruce Willis
79%
Jet Li
78%
Dolph Lundgren
67%
Jean-Claude Van Damme
61%
Chuck Norris
58%
Mel Gibson
49%
Terry Crews
47%
Harrison Ford
45%
Mickey Rourke
40%
Wesley Snipes
40%
Randy Couture
36%
Antonio Banderas
34%
"Stone Cold" Steve Austin
33%
Liam Hemsworth
29%
Ronda Rousey
28%
Kelsey Grammer
20%
Kellan Lutz
16%
Victor Ortiz
14%
Robert Davi
10%
Glen Powell
10%

Score Distribution

Percentile by Number Answered

Percent of People with Each Score

Your Score History

You have not taken this quiz since the last reset